The butterfly's life cycle

Bibliographic Details
Main Author: Baker, Ran
Corporate Author: Title
Format: Book
Published: Selangor : Sama Publications & Distributors , 2005
Series:Fun with animal life science series
Subjects:

MARC

LEADER 00000cam a2200000 7i4500
001 0000006153
005 20220105104018.0
008 070814
020 |a 9833248144(set) 
020 |a 9833248225 
090 0 0 |a JP   |b NH ENG (4942) 
100 1 |a Baker, Ran 
245 1 4 |a The butterfly's life cycle   |c Ran Baker 
260 |a Selangor :   |b Sama Publications & Distributors ,   |c 2005 
440 |a Fun with animal life science series 
500 |a Children age 4-6 years old (yellow) 
650 0 |a Butterflies   |x Juvenile literature 
710 0 |a Title 
999 |a 0000918823   |b Book   |c Children Collection   |e Cawangan Bukit Gambir 
999 |a 0000918824   |b Book   |c Children Collection   |e Cawangan Bukit Gambir 
999 |a 0000928002   |b Book   |c Children Collection   |e Cawangan Tangkak 
999 |a 0000928003   |b Book   |c Children Collection   |e Cawangan Tangkak 
999 |a 0000928004   |b Book   |c Children Collection   |e Cawangan Tangkak 
999 |a 0000982465   |b Book   |c Children Collection   |e Perbadanan Perpustakaan Awam Johor 
999 |a 0000982466   |b Book   |c Children Collection   |e Cawangan Pontian 
999 |a 0000982467   |b Book   |c Children Collection   |e Perbadanan Perpustakaan Awam Johor 
999 |a 0000982468   |b Book   |c Children Collection   |e Perbadanan Perpustakaan Awam Johor 
999 |a 0000982469   |b Book   |c Children Collection   |e Perbadanan Perpustakaan Awam Johor